Los cambios en el proceso de producción de algodón en el Chaco en las últimas décadas y sus consecuencias en las condiciones de vida de minifundistas y trabajadores vinculados (Registro nro. 34643)
[ vista simple ]
| 000 -LEADER | |
|---|---|
| fixed length control field | 00498 a2200109 4500 |
| 001 - CONTROL NUMBER | |
| control field | ART_45070 |
| 005 - DATE AND TIME OF LATEST TRANSACTION | |
| control field | 20260410162038.0 |
| 008 - FIXED-LENGTH DATA ELEMENTS--GENERAL INFORMATION | |
| fixed length control field | 260409a |
| 100 1# - MAIN ENTRY--PERSONAL NAME | |
| Personal name | García, Inés Liliana |
| 245 10 - TITLE STATEMENT | |
| Title | Los cambios en el proceso de producción de algodón en el Chaco en las últimas décadas y sus consecuencias en las condiciones de vida de minifundistas y trabajadores vinculados |
| 773 0# - HOST ITEM ENTRY | |
| Title | Revista de estudios regionales y mercado de trabajo |
| Related parts | - N° 3 (ene./dic. 2007) |
| Record control number | REV44894 |
No hay ítems disponibles.